[Event "H.C Andersen Open"]
[Site "Odense"]
[Date "2013.05.09"]
[Round "2"]
[White "Christensen, Bo Garner"]
[Black "Nikolov, Momchil"]
[Result "0-1"]
[WhiteElo "2247"]
[BlackElo "2532"]
[PlyCount "82"]
[EventDate "2013.05.08"]
[EventType "swiss"]
[EventRounds "9"]
[EventCountry "DEN"]
[SourceTitle "CBM 154 Extra"]
[Source "ChessBase"]
[SourceDate "2013.06.25"]

1. e4 c5 2. Nf3 e6 3. b4 cxb4 4. a3 d5 5. e5 Nc6 6. axb4 Nxb4 7. c3 Nc6 8. d4
Bd7 9. Bd3 h6 10. g4 a6 11. h4 Na5 12. h5 Qc7 13. g5 hxg5 14. Bxg5 Nh6 15. Nh4
Bb5 16. Bc2 Nc4 17. Rh3 Be7 18. f4 O-O-O 19. Nd2 Kb8 20. Bxe7 Qxe7 21. Nb3 b6
22. Ra2 Qc7 23. Kf2 f5 24. Ng6 Ng4+ 25. Kg1 Rh6 26. Bd3 Be8 27. Nf8 Bf7 28.
Rxa6 Rxf8 29. Qa1 Qb7 30. Bxc4 dxc4 31. Nc5 bxc5 32. Ra2 Be8 33. Rb2 Bc6 34.
Rxb7+ Kxb7 35. Qb2+ Kc7 36. Kf1 Ra8 37. d5 Bxd5 38. Qb5 Ra1+ 39. Ke2 Ra2+ 40.
Ke1 Rh8 41. Qxc5+ Kb7 0-1

[Event "H.C Andersen Open"]
[Site "Odense"]
[Date "2013.05.09"]
[Round "2"]
[White "Christensen, Kristen Bjorn"]
[Black "Hamann, Brian"]
[Result "0-1"]
[WhiteElo "1579"]
[BlackElo "1877"]
[PlyCount "58"]
[EventDate "2013.05.08"]
[EventType "swiss"]
[EventRounds "9"]
[EventCountry "DEN"]
[SourceTitle "CBM 154 Extra"]
[Source "ChessBase"]
[SourceDate "2013.06.25"]

1. e4 d5 2. exd5 Qxd5 3. Nc3 Qa5 4. Nf3 Nf6 5. Be2 Bf5 6. d3 c6 7. O-O e6 8. a3
Bd6 9. Re1 Nbd7 10. Nd4 Bg6 11. Bd2 Qc7 12. h4 h6 13. Bg4 Nxg4 14. Qxg4 Nf6 15.
Qf3 O-O-O 16. Nde2 Bh5 17. Qh3 Bg4 18. Qe3 b6 19. Ne4 Nxe4 20. Qxe4 Bf5 21. Qf3
Rhe8 22. Nd4 Bh2+ 23. Kh1 Rxd4 24. g3 Bxg3 25. fxg3 g5 26. hxg5 hxg5 27. Bxg5
Rh8+ 28. Kg1 Rg8 29. Bf6 Rxg3+ 0-1

[Event "H.C Andersen Open"]
[Site "Odense"]
[Date "2013.05.09"]
[Round "2"]
[White "Danielsen, Henrik"]
[Black "Brondt, Nicolai Kvist"]
[Result "1-0"]
[WhiteElo "2500"]
[BlackElo "2169"]
[PlyCount "49"]
[EventDate "2013.05.08"]
[EventType "swiss"]
[EventRounds "9"]
[EventCountry "DEN"]
[SourceTitle "CBM 154 Extra"]
[Source "ChessBase"]
[SourceDate "2013.06.25"]

1. e4 c6 2. d3 d5 3. Nd2 e5 4. Ngf3 Nd7 5. Be2 Ngf6 6. c3 Bd6 7. O-O O-O 8. Qc2
Qc7 9. Re1 Re8 10. Nf1 a5 11. Ng3 Bf8 12. a4 b6 13. h3 Ba6 14. Nf5 Nc5 15. exd5
cxd5 16. Bg5 e4 17. dxe4 Bxe2 18. Rxe2 dxe4 19. N3d4 Qe5 20. f4 Qd5 21. Bxf6
gxf6 22. Re3 Kh8 23. Qf2 Nd7 24. Qg3 Rac8 25. Qg4 1-0

[Event "H.C Andersen Open"]
[Site "Odense"]
[Date "2013.05.09"]
[Round "2"]
[White "Eriksson, Christian Altenburg"]
[Black "Bae, Torstein"]
[Result "0-1"]
[WhiteElo "2156"]
[BlackElo "2442"]
[PlyCount "120"]
[EventDate "2013.05.08"]
[EventType "swiss"]
[EventRounds "9"]
[EventCountry "DEN"]
[SourceTitle "CBM 154 Extra"]
[Source "ChessBase"]
[SourceDate "2013.06.25"]

1. e4 c6 2. d4 d5 3. e5 c5 4. dxc5 Nc6 5. Bb5 e6 6. Be3 Nge7 7. Nf3 Nf5 8. Bd4
Bd7 9. Bxc6 Bxc6 10. O-O g5 11. a4 g4 12. Ne1 h5 13. b4 Bg7 14. c3 Qg5 15. Na3
a6 16. b5 Bd7 17. Nd3 Nh4 18. Kh1 O-O 19. Qe2 Qf5 20. c6 bxc6 21. Nc5 Rfd8 22.
b6 Ng6 23. Rfe1 Bf8 24. Qc2 Qf4 25. Qc1 Qf5 26. Qe3 Bxc5 27. Bxc5 Bc8 28. a5
Bb7 29. Rad1 Kg7 30. Qd3 Qxd3 31. Rxd3 f6 32. exf6+ Kxf6 33. f3 e5 34. fxg4
hxg4 35. Rg3 Nf4 36. Rxg4 Rg8 37. Rxg8 Rxg8 38. Rf1 Ke6 39. g3 Nd3 40. Bg1 c5
41. h4 Rxg3 42. Kh2 Rg7 43. Be3 d4 44. Bg5 Kd5 45. c4+ Ke4 46. Kh3 Nf4+ 47. Kh2
d3 48. Nb1 Ke3 49. Nc3 Kd2 50. Nd1 Ke2 51. Rg1 Rf7 52. Kg3 d2 53. Nb2 Ne6 54.
Rd1 Nxg5 55. hxg5 e4 56. Kg4 e3 57. g6 Rg7 58. Kf5 Kf3 59. Kf6 Rxg6+ 60. Kxg6
e2 0-1

[Event "H.C Andersen Open"]
[Site "Odense"]
[Date "2013.05.09"]
[Round "2"]
[White "Haub, Thorsten Michael"]
[Black "Nielsen, John Bauneborg"]
[Result "1-0"]
[WhiteElo "2462"]
[BlackElo "2161"]
[PlyCount "63"]
[EventDate "2013.05.08"]
[EventType "swiss"]
[EventRounds "9"]
[EventCountry "DEN"]
[SourceTitle "CBM 154 Extra"]
[Source "ChessBase"]
[SourceDate "2013.06.25"]

1. Nf3 f5 2. g3 Nf6 3. Bg2 g6 4. O-O Bg7 5. c4 d6 6. Nc3 Nc6 7. Rb1 e5 8. d3
O-O 9. b4 h6 10. b5 Ne7 11. a4 c6 12. c5 Nfd5 13. cxd6 Qxd6 14. Bb2 Be6 15. Nd2
Rfd8 16. bxc6 Nxc6 17. Nc4 Qd7 18. Nxd5 Bxd5 19. Bxd5+ Qxd5 20. Ba1 Qf7 21. Qb3
Rd7 22. a5 Re8 23. Qa4 Re6 24. Rfc1 g5 25. a6 Nd8 26. axb7 Rxb7 27. Rxb7 Qxb7
28. Ne3 f4 29. Nf5 Bf8 30. e4 Kh7 31. Qa5 Nc6 32. Qd5 1-0

[Event "H.C Andersen Open"]
[Site "Odense"]
[Date "2013.05.09"]
[Round "2"]
[White "Hylle Wiig, Lennart Moesgaard"]
[Black "Jacobsen, Steen Hefsgaard"]
[Result "1-0"]
[WhiteElo "1856"]
[BlackElo "2041"]
[PlyCount "51"]
[EventDate "2013.05.08"]
[EventType "swiss"]
[EventRounds "9"]
[EventCountry "DEN"]
[SourceTitle "CBM 154 Extra"]
[Source "ChessBase"]
[SourceDate "2013.06.25"]

1. d4 Nf6 2. Nf3 d5 3. Bf4 Bf5 4. e3 e6 5. c3 Bd6 6. Bg3 Bxg3 7. hxg3 Nbd7 8.
Nh4 Be4 9. f3 Bg6 10. g4 c6 11. Nxg6 fxg6 12. Bd3 Nf8 13. Qe2 Qc7 14. Nd2 O-O-O
15. O-O-O N8d7 16. f4 Rde8 17. g5 Nh5 18. Qf2 Rhf8 19. g4 Nxf4 20. exf4 Rxf4
21. Qg2 e5 22. Nb3 exd4 23. cxd4 Re3 24. Kb1 h6 25. Bxg6 Rff3 26. Bf5 1-0

[Event "H.C Andersen Open"]
[Site "Odense"]
[Date "2013.05.09"]
[Round "2"]
[White "Iversen, Christian"]
[Black "Andersen, Bjarne Hjorth"]
[Result "1-0"]
[WhiteElo "1876"]
[BlackElo "2026"]
[PlyCount "29"]
[EventDate "2013.05.08"]
[EventType "swiss"]
[EventRounds "9"]
[EventCountry "DEN"]
[SourceTitle "CBM 154 Extra"]
[Source "ChessBase"]
[SourceDate "2013.06.25"]

1. d4 d5 2. c4 dxc4 3. Nf3 Nc6 4. Nc3 Bf5 5. d5 Nb8 6. e4 Bg4 7. Bxc4 Nd7 8.
Bf4 a6 9. d6 Bxf3 10. Qxf3 e6 11. dxc7 Qf6 12. e5 Nxe5 13. Qxb7 Qxf4 14. Qxa8+
Ke7 15. c8=Q 1-0

[Event "H.C Andersen Open"]
[Site "Odense"]
[Date "2013.05.09"]
[Round "2"]
[White "Jacobsen, Bo"]
[Black "Pedersen, Steffen"]
[Result "1-0"]
[WhiteElo "2319"]
[BlackElo "2425"]
[PlyCount "55"]
[EventDate "2013.05.08"]
[EventType "swiss"]
[EventRounds "9"]
[EventCountry "DEN"]
[SourceTitle "CBM 154 Extra"]
[Source "ChessBase"]
[SourceDate "2013.06.25"]

1. c4 Nf6 2. g3 e6 3. Bg2 d5 4. Nf3 c5 5. O-O Nc6 6. cxd5 Nxd5 7. d4 Qb6 8. e4
Nf6 9. d5 Nd4 10. Na3 Nxf3+ 11. Qxf3 Be7 12. Bf4 exd5 13. exd5 O-O 14. d6 Bd8
15. Nc4 Qb5 16. b3 Bg4 17. Qxb7 Qxb7 18. Bxb7 Rb8 19. Bg2 Be2 20. Rfe1 Bxc4 21.
bxc4 Ba5 22. Re7 Bc3 23. Rd1 Bd4 24. Rxa7 Rb2 25. Be3 Ng4 26. Bxd4 cxd4 27.
Rxd4 Rxf2 28. d7 1-0

[Event "H.C Andersen Open"]
[Site "Odense"]
[Date "2013.05.09"]
[Round "2"]
[White "Jensen, Soren2"]
[Black "Thogersen, Rasmus"]
[Result "1/2-1/2"]
[WhiteElo "1836"]
[BlackElo "2013"]
[PlyCount "115"]
[EventDate "2013.05.08"]
[EventType "swiss"]
[EventRounds "9"]
[EventCountry "DEN"]
[SourceTitle "CBM 154 Extra"]
[Source "ChessBase"]
[SourceDate "2013.06.25"]

1. c4 g6 2. g3 Bg7 3. Bg2 d6 4. Nc3 Nc6 5. d3 e5 6. e4 Nge7 7. Nge2 O-O 8. O-O
Be6 9. a3 a5 10. Bg5 h6 11. Be3 f5 12. Nd5 Qd7 13. Qd2 Kh7 14. Nxe7 Qxe7 15.
exf5 gxf5 16. f4 e4 17. Rac1 exd3 18. Qxd3 Rae8 19. Bd4 Nxd4 20. Nxd4 Bc8 21.
Rc2 Qe3+ 22. Qxe3 Rxe3 23. Nb5 Rf7 24. Rf3 Re6 25. Rd3 Rfe7 26. Kf2 b6 27. Bd5
Rg6 28. Re3 Rxe3 29. Kxe3 c5 30. Nc7 Bf6 31. Kf3 Bd8 32. Nb5 Bd7 33. a4 Kg7 34.
Re2 h5 35. b3 h4 36. Nc3 Bf6 37. Nb5 Bd8 38. Nc3 Rh6 39. Kg2 Kf8 40. Re3 Rh7
41. Nb5 Rh6 42. Nc3 Rg6 43. Kf3 hxg3 44. hxg3 Rh6 45. Kg2 Rh7 46. Nb5 Re7 47.
Rxe7 Bxe7 48. Kf3 Kg7 49. Nc7 Kf6 50. Ke3 Bd8 51. Nb5 Ke7 52. Kf3 Bc8 53. Na7
Bd7 54. Nc6+ Ke8 55. Nxd8 Kxd8 56. Kg2 Ke7 57. Kh3 Kf6 58. Kh4 1/2-1/2

[Event "H.C Andersen Open"]
[Site "Odense"]
[Date "2013.05.09"]
[Round "2"]
[White "Jepsen, Thomas"]
[Black "Heinemann, Guido"]
[Result "1-0"]
[WhiteElo "2168"]
[BlackElo "1856"]
[PlyCount "83"]
[EventDate "2013.05.08"]
[EventType "swiss"]
[EventRounds "9"]
[EventCountry "DEN"]
[SourceTitle "CBM 154 Extra"]
[Source "ChessBase"]
[SourceDate "2013.06.25"]

1. c4 e6 2. Nf3 b6 3. g3 Bb7 4. Bg2 f5 5. O-O Nf6 6. d3 Be7 7. Nc3 O-O 8. a3 d5
9. cxd5 exd5 10. Nd4 Qd7 11. Bh3 g6 12. Bh6 Re8 13. e4 dxe4 14. dxe4 Bc5 15.
Qb3+ Qf7 16. Qxf7+ Kxf7 17. Ndb5 Na6 18. b4 c6 19. bxc5 cxb5 20. exf5 Nxc5 21.
Nxb5 Rad8 22. Bf4 Ba6 23. Rfb1 Bxb5 24. fxg6+ Kxg6 25. Rxb5 Nd5 26. Bd2 Re2 27.
Rb2 Nd3 28. Bf1 Nxb2 29. Bxe2 Nf6 30. Be3 Rc8 31. a4 Ne4 32. a5 Rc2 33. axb6
axb6 34. Bb5 Nc3 35. Be8+ Kf5 36. Bxb6 Nc4 37. Ba7 Kg4 38. Kg2 Kf5 39. Ra6 Nd5
40. Bd7+ Kg5 41. h4+ Kh5 42. Kh3 1-0

[Event "H.C Andersen Open"]
[Site "Odense"]
[Date "2013.05.09"]
[Round "2"]
[White "Konstantinov, Maxim"]
[Black "Jensen, Jakob"]
[Result "1-0"]
[WhiteElo "1990"]
[BlackElo "1802"]
[PlyCount "45"]
[EventDate "2013.05.08"]
[EventType "swiss"]
[EventRounds "9"]
[EventCountry "DEN"]
[SourceTitle "CBM 154 Extra"]
[Source "ChessBase"]
[SourceDate "2013.06.25"]

1. d4 d5 2. c4 e5 3. dxe5 d4 4. Nf3 Nc6 5. g3 Be6 6. b3 Qd7 7. Bg2 Be7 8. O-O
O-O-O 9. Na3 Bh3 10. Nc2 h5 11. e6 Bxe6 12. h4 Bf6 13. Bb2 Bf5 14. Qd2 d3 15.
Bxf6 Nxf6 16. exd3 Qxd3 17. Ne3 Nd4 18. Qa5 Ne2+ 19. Kh2 Nxg3 20. Kxg3 Qd6+ 21.
Qe5 Ne4+ 22. Kh2 Qxe5+ 23. Nxe5 1-0

[Event "H.C Andersen Open"]
[Site "Odense"]
[Date "2013.05.09"]
[Round "2"]
[White "Nielsen, Poul Erik"]
[Black "Carlstedt, Jonathan"]
[Result "0-1"]
[WhiteElo "2107"]
[BlackElo "2373"]
[PlyCount "100"]
[EventDate "2013.05.08"]
[EventType "swiss"]
[EventRounds "9"]
[EventCountry "DEN"]
[SourceTitle "CBM 154 Extra"]
[Source "ChessBase"]
[SourceDate "2013.06.25"]

1. e4 e6 2. d3 d5 3. Nd2 Nf6 4. Ngf3 Bc5 5. e5 Nfd7 6. d4 Be7 7. c3 c5 8. Bd3
Nc6 9. O-O Qb6 10. dxc5 Qc7 11. b4 Ndxe5 12. Bc2 Bf6 13. Nd4 Nxd4 14. cxd4 Nc6
15. Nf3 Nxb4 16. Bb1 O-O 17. Be3 Nc6 18. Qd2 e5 19. dxe5 Nxe5 20. Nxe5 Bxe5 21.
Bd4 Bxh2+ 22. Kh1 Be5 23. f4 Bxd4 24. Qxd4 Qc6 25. a4 b6 26. cxb6 Qh6+ 27. Kg1
Qxb6 28. Rd1 Rd8 29. Ra3 Bg4 30. Qxb6 axb6 31. Rd4 Be2 32. Ba2 Kf8 33. Re3 Bg4
34. Bxd5 Be6 35. Bxa8 Rxd4 36. g3 Rxa4 37. Bc6 Rc4 38. Bb5 Rc5 39. Be2 b5 40.
g4 b4 41. f5 Bc4 42. Bd1 Ra5 43. Kf2 Ra2+ 44. Ke1 b3 45. Rc3 b2 46. Bc2 Ra1+
47. Kd2 Rc1 48. Be4 Bd5 49. Bd3 b1=Q 50. Rxc1 Qb4+ 0-1

[Event "H.C Andersen Open"]
[Site "Odense"]
[Date "2013.05.09"]
[Round "2"]
[White "Nielsen, Thomas"]
[Black "Becker, Martin"]
[Result "0-1"]
[WhiteElo "1628"]
[BlackElo "1910"]
[PlyCount "92"]
[EventDate "2013.05.08"]
[EventType "swiss"]
[EventRounds "9"]
[EventCountry "DEN"]
[SourceTitle "CBM 154 Extra"]
[Source "ChessBase"]
[SourceDate "2013.06.25"]

1. f4 e5 2. fxe5 d6 3. Nf3 g5 4. d4 g4 5. Ng5 dxe5 6. dxe5 Qxd1+ 7. Kxd1 Nc6 8.
Bf4 Bg7 9. e3 Nxe5 10. Nd2 h6 11. Nge4 Ne7 12. h3 a6 13. c3 Nd5 14. Be2 f5 15.
Nf2 h5 16. hxg4 hxg4 17. Rxh8+ Bxh8 18. Nc4 Nxc4 19. Bxc4 Be6 20. Bb3 O-O-O 21.
Ke2 Re8 22. Nd3 c5 23. Bxd5 Bxd5 24. g3 b6 25. a3 Bf6 26. Rf1 Bc4 27. b3 Bxb3
28. Rb1 c4 29. Nc1 Bxc3 30. Nxb3 cxb3 31. Rxb3 Ba5 32. Bg5 b5 33. Rb1 Re6 34.
Rc1+ Kd7 35. Rc5 Bc7 36. Rxf5 Bxg3 37. Rf7+ Kc6 38. Rg7 Be5 39. Rg8 g3 40. Kf3
Bd6 41. Rc8+ Kb7 42. Rc3 Rg6 43. Bh4 g2 44. Bf2 g1=Q 45. Bxg1 Rxg1 46. e4 Rg3+
0-1

[Event "H.C Andersen Open"]
[Site "Odense"]
[Date "2013.05.09"]
[Round "2"]
[White "Olsen, Aage Dalstrup"]
[Black "Ochsner, Bjorn Moller"]
[Result "1/2-1/2"]
[WhiteElo "2056"]
[BlackElo "2347"]
[PlyCount "86"]
[EventDate "2013.05.08"]
[EventType "swiss"]
[EventRounds "9"]
[EventCountry "DEN"]
[SourceTitle "CBM 154 Extra"]
[Source "ChessBase"]
[SourceDate "2013.06.25"]

1. e4 c5 2. d4 cxd4 3. c3 Nf6 4. e5 Nd5 5. cxd4 d6 6. Nf3 e6 7. Nc3 Nxc3 8.
bxc3 Qc7 9. Bd2 Nd7 10. Qa4 a6 11. Bd3 Rb8 12. O-O dxe5 13. dxe5 b5 14. Qf4 Bb7
15. Rfe1 Nb6 16. Qg3 g6 17. Ng5 Bg7 18. Rad1 Rd8 19. Qh3 Nc4 20. Bc1 Bd5 21. f4
h6 22. Nf3 Bxf3 23. Qxf3 O-O 24. h4 h5 25. g4 hxg4 26. Qxg4 Qc5+ 27. Kg2 Rd7
28. h5 Rfd8 29. Qf3 gxh5 30. Rh1 Nb6 31. Bb2 Na4 32. Ba1 Kf8 33. Be4 Rd2+ 34.
Kg3 h4+ 35. Kxh4 Ke7 36. Rxd2 Rxd2 37. Rd1 Qf2+ 38. Qxf2 Rxf2 39. Kg3 Rxa2 40.
c4 bxc4 41. Bc6 Nc5 42. Bd4 Na4 43. Bc3 Nxc3 1/2-1/2

[Event "H.C Andersen Open"]
[Site "Odense"]
[Date "2013.05.09"]
[Round "2"]
[White "Ottesen, Soren Rud"]
[Black "Murtuzov, Rauf Mubariz"]
[Result "0-1"]
[WhiteElo "1831"]
[BlackElo "1995"]
[PlyCount "50"]
[EventDate "2013.05.08"]
[EventType "swiss"]
[EventRounds "9"]
[EventCountry "DEN"]
[SourceTitle "CBM 154 Extra"]
[Source "ChessBase"]
[SourceDate "2013.06.25"]

1. e4 c6 2. d4 d5 3. e5 Bf5 4. Nf3 e6 5. Be2 Nd7 6. Nbd2 Nh6 7. Nb3 Bg6 8. Bxh6
gxh6 9. Qd2 a5 10. a3 Qb6 11. Qc1 a4 12. Nbd2 c5 13. c3 Rc8 14. Nh4 cxd4 15.
Nxg6 hxg6 16. Nf3 dxc3 17. bxc3 Bg7 18. Rb1 Rxc3 19. Qxc3 Qxb1+ 20. Bd1 O-O 21.
O-O Qb5 22. Re1 Qc5 23. Qb2 Nb6 24. h3 Nc4 25. Qxb7 Qxa3 0-1

[Event "H.C Andersen Open"]
[Site "Odense"]
[Date "2013.05.09"]
[Round "2"]
[White "Poulsen, Iver"]
[Black "Hansen, Mads"]
[Result "0-1"]
[WhiteElo "2054"]
[BlackElo "2306"]
[PlyCount "82"]
[EventDate "2013.05.08"]
[EventType "swiss"]
[EventRounds "9"]
[EventCountry "DEN"]
[SourceTitle "CBM 154 Extra"]
[Source "ChessBase"]
[SourceDate "2013.06.25"]

1. e4 e5 2. Nf3 Nc6 3. Bb5 a6 4. Ba4 Nge7 5. O-O g6 6. c3 Bg7 7. d4 exd4 8.
cxd4 b5 9. Bb3 O-O 10. Nc3 d6 11. h3 Na5 12. Bc2 c5 13. dxc5 dxc5 14. Qxd8 Rxd8
15. Bg5 Re8 16. Rad1 Be6 17. e5 Nc4 18. Ne4 Nc6 19. Nd6 N6xe5 20. Nxe8 Nxf3+
21. gxf3 Rxe8 22. b3 Ne5 23. Kg2 f5 24. Be3 Bf8 25. Rfe1 Nc6 26. Bb1 Kf7 27.
Bf4 c4 28. bxc4 bxc4 29. Bd6 Bg7 30. Bc2 Rc8 31. Ba4 c3 32. Rxe6 Kxe6 33. Bb3+
Kf6 34. Re1 Kg5 35. f4+ Kh6 36. h4 Nd4 37. Be5 Nxb3 38. axb3 c2 39. Bxg7+ Kxg7
40. Rc1 Kh6 41. Kf3 Kh5 0-1

[Event "H.C Andersen Open"]
[Site "Odense"]
[Date "2013.05.09"]
[Round "2"]
[White "Rasmussen, Morten Thor"]
[Black "Olsson, Tomas"]
[Result "1/2-1/2"]
[WhiteElo "1719"]
[BlackElo "1936"]
[PlyCount "29"]
[EventDate "2013.05.08"]
[EventType "swiss"]
[EventRounds "9"]
[EventCountry "DEN"]
[SourceTitle "CBM 154 Extra"]
[Source "ChessBase"]
[SourceDate "2013.06.25"]

1. e4 e5 2. f4 exf4 3. Bc4 Nf6 4. Nc3 c6 5. e5 d5 6. exf6 dxc4 7. Qe2+ Be6 8.
fxg7 Bxg7 9. Nf3 O-O 10. O-O Re8 11. d3 cxd3 12. Qxd3 Qxd3 13. cxd3 Na6 14.
Bxf4 Nb4 15. d4 1/2-1/2

[Event "H.C Andersen Open"]
[Site "Odense"]
[Date "2013.05.09"]
[Round "2"]
[White "Rostgaard, Tobias Valentin"]
[Black "Epishin, Vladimir"]
[Result "1/2-1/2"]
[WhiteElo "2275"]
[BlackElo "2603"]
[PlyCount "95"]
[EventDate "2013.05.08"]
[EventType "swiss"]
[EventRounds "9"]
[EventCountry "DEN"]
[SourceTitle "CBM 154 Extra"]
[Source "ChessBase"]
[SourceDate "2013.06.25"]

1. Nf3 g6 2. d4 Bg7 3. e4 d6 4. h3 c5 5. d5 Nf6 6. Nc3 O-O 7. Be2 b5 8. Nxb5
Nxe4 9. O-O Na6 10. c3 Nc7 11. Nxc7 Qxc7 12. Nd2 Nf6 13. Nc4 Bb7 14. Ne3 e6 15.
Bc4 Rae8 16. a4 Nh5 17. Ng4 e5 18. Be2 Nf4 19. Bxf4 exf4 20. Bc4 Re4 21. Qd3 f5
22. Nh2 g5 23. Nf3 Qe7 24. Rfe1 Bf6 25. Kf1 Bc8 26. Bb5 Kh8 27. Nd2 Rxe1+ 28.
Rxe1 Qb7 29. Nc4 Qc7 30. Re8 Rxe8 31. Bxe8 Qe7 32. Qe2 f3 33. Qxe7 Bxe7 34.
gxf3 f4 35. Kg2 Bb7 36. Bc6 Ba6 37. Nd2 Bd3 38. Bb5 Bc2 39. Ne4 Kg7 40. b4 cxb4
41. cxb4 Bxe4 42. fxe4 Bf6 43. Bd7 Bc3 44. b5 Kf6 45. Kf3 Ba5 46. Ke2 Ke5 47.
Kd3 h6 48. Bg4 1/2-1/2

[Event "H.C Andersen Open"]
[Site "Odense"]
[Date "2013.05.09"]
[Round "2"]
[White "Rozentalis, Eduardas"]
[Black "Bach, Matthias"]
[Result "1-0"]
[WhiteElo "2611"]
[BlackElo "2252"]
[PlyCount "71"]
[EventDate "2013.05.08"]
[EventType "swiss"]
[EventRounds "9"]
[EventCountry "DEN"]
[SourceTitle "CBM 154 Extra"]
[Source "ChessBase"]
[SourceDate "2013.06.25"]

1. e4 d6 2. d4 Nd7 3. Nf3 g6 4. Bc4 e6 5. Bg5 Ne7 6. Nc3 h6 7. Be3 Bg7 8. Qd2
a6 9. a4 b6 10. O-O Bb7 11. Rfe1 g5 12. h3 Nf6 13. d5 e5 14. Nh2 Nh5 15. Nf1
Nf4 16. Ng3 Bc8 17. Be2 h5 18. Bxf4 exf4 19. Nxh5 Be5 20. Bg4 Ng8 21. Qe2 Kf8
22. Rad1 Nf6 23. Nxf6 Qxf6 24. Bxc8 Rxc8 25. Rd3 Rh4 26. f3 Ke7 27. Kf1 Bd4 28.
Nd1 b5 29. axb5 axb5 30. Rb3 Rg8 31. Nf2 Bxb2 32. Qxb5 Bd4 33. Qc4 Bb6 34. e5
dxe5 35. Ne4 Qh6 36. d6+ 1-0

[Event "H.C Andersen Open"]
[Site "Odense"]
[Date "2013.05.09"]
[Round "2"]
[White "Sorensen, Alex"]
[Black "Rasmussen, Jens"]
[Result "1-0"]
[WhiteElo "1933"]
[BlackElo "1713"]
[PlyCount "99"]
[EventDate "2013.05.08"]
[EventType "swiss"]
[EventRounds "9"]
[EventCountry "DEN"]
[SourceTitle "CBM 154 Extra"]
[Source "ChessBase"]
[SourceDate "2013.06.25"]

1. e4 c5 2. d4 cxd4 3. c3 dxc3 4. Nxc3 g6 5. Bc4 Bg7 6. Nf3 d6 7. O-O h6 8. Be3
Nc6 9. Rc1 Bd7 10. b4 Nf6 11. h3 O-O 12. a3 Ne8 13. Qd2 Ne5 14. Nxe5 dxe5 15.
Bxh6 Nd6 16. Bb3 Rc8 17. Rfd1 Kh7 18. Bxg7 Kxg7 19. f3 Rh8 20. Kh2 Bc6 21. Nd5
Nb5 22. Qb2 Nd4 23. Ba2 e6 24. Ne3 Qh4 25. Rxd4 Qf4+ 26. Kh1 Qxe3 27. Rdc4 Qf4
28. b5 Bd7 29. Rxc8 Bxc8 30. Rc7 Rd8 31. Bb3 Bd7 32. a4 Kf6 33. Qf2 b6 34. g3
Qh6 35. Kh2 Bxb5 36. f4 Be8 37. fxe5+ Kxe5 38. Rc2 Rd3 39. Bc4 Rd4 40. Bb5 Bxb5
41. axb5 f5 42. exf5 gxf5 43. Qe1+ Kd5 44. Qc3 e5 45. Qb3+ Kd6 46. Rc6+ Kd7 47.
Qf7+ Kd8 48. Rxh6 Rd2+ 49. Kg1 Rd7 50. Rh8+ 1-0

[Event "H.C Andersen Open"]
[Site "Odense"]
[Date "2013.05.12"]
[Round "3"]
[White "Bach, Matthias"]
[Black "Konstantinov, Maxim"]
[Result "1-0"]
[WhiteElo "2252"]
[BlackElo "1990"]
[PlyCount "75"]
[EventDate "2013.05.08"]
[EventType "swiss"]
[EventRounds "9"]
[EventCountry "DEN"]
[SourceTitle "CBM 154 Extra"]
[Source "ChessBase"]
[SourceDate "2013.06.25"]

1. b4 e5 2. Bb2 Bxb4 3. Bxe5 Nf6 4. Nc3 c6 5. Rb1 a5 6. e3 d5 7. h3 Nbd7 8. Bh2
O-O 9. Nce2 Ne4 10. Nf3 Ndf6 11. c3 Bd6 12. d3 Bxh2 13. Nxh2 Nd6 14. Nf4 Re8
15. Be2 Qe7 16. O-O Nb5 17. Qd2 Nc7 18. Rfe1 Ne6 19. Bf1 h5 20. Nf3 Qc7 21. g3
g6 22. Bg2 Bd7 23. Qb2 Rab8 24. c4 Nxf4 25. exf4 Qd8 26. Rxe8+ Bxe8 27. f5 dxc4
28. dxc4 Ne4 29. fxg6 fxg6 30. Qe5 Nf6 31. Ng5 b5 32. Ne6 Qe7 33. Qxb8 Qxe6 34.
cxb5 cxb5 35. Rxb5 Qxa2 36. Bd5+ Nxd5 37. Qxe8+ Kg7 38. Qd7+ 1-0

[Event "H.C Andersen Open"]
[Site "Odense"]
[Date "2013.05.12"]
[Round "3"]
[White "Becker, Martin"]
[Black "Jepsen, Thomas"]
[Result "0-1"]
[WhiteElo "1910"]
[BlackElo "2168"]
[PlyCount "88"]
[EventDate "2013.05.08"]
[EventType "swiss"]
[EventRounds "9"]
[EventCountry "DEN"]
[SourceTitle "CBM 154 Extra"]
[Source "ChessBase"]
[SourceDate "2013.06.25"]

1. e4 d6 2. Nf3 g6 3. d4 Nf6 4. Nc3 Bg7 5. Be3 O-O 6. Bd3 a6 7. O-O b5 8. a3
Bb7 9. Qd2 Nbd7 10. Bh6 c5 11. Bxg7 Kxg7 12. Rfe1 cxd4 13. Nxd4 Rc8 14. Qg5 Rc5
15. Qg3 Kh8 16. Qe3 Ne5 17. Nb3 Nc4 18. Qe2 Rc7 19. Nd1 Nd7 20. Nd2 Nde5 21. f4
Nxd2 22. Qxd2 Nc4 23. Qf2 d5 24. e5 f6 25. b3 Na5 26. Qh4 f5 27. Re3 e6 28. Qe1
Nc6 29. Rh3 d4 30. Nf2 Ne7 31. Qd2 Qd5 32. Nd1 Qc6 33. Qf2 Qd7 34. Qd2 Rfc8 35.
Qf2 Be4 36. Ra2 Nd5 37. Qd2 Qc6 38. Rg3 Rd7 39. h4 Rcd8 40. Kf2 Qb6 41. Kg1 Nc3
42. Ra1 Bxd3 43. Rxd3 Ne4 44. Nf2 Nxd2 0-1

[Event "H.C Andersen Open"]
[Site "Odense"]
[Date "2013.05.12"]
[Round "3"]
[White "Carlstedt, Jonathan"]
[Black "Danielsen, Henrik"]
[Result "1/2-1/2"]
[WhiteElo "2373"]
[BlackElo "2500"]
[PlyCount "93"]
[EventDate "2013.05.08"]
[EventType "swiss"]
[EventRounds "9"]
[EventCountry "DEN"]
[SourceTitle "CBM 154 Extra"]
[Source "ChessBase"]
[SourceDate "2013.06.25"]

1. c4 g6 2. Nc3 Bg7 3. e4 c5 4. g3 Nc6 5. Bg2 e6 6. Nge2 Nge7 7. O-O d6 8. d3
O-O 9. Rb1 b6 10. Be3 Ba6 11. Qd2 Rc8 12. Bh6 Qd7 13. Bxg7 Kxg7 14. f4 f5 15.
Nd1 d5 16. b3 Bb7 17. Nf2 h6 18. g4 Kh7 19. Qe3 fxe4 20. dxe4 dxc4 21. Rbd1 Qc7
22. bxc4 Ba6 23. Rc1 Nd4 24. Nxd4 cxd4 25. Qxd4 Nc6 26. Qc3 Qxf4 27. Nd3 Qd6
28. Rxf8 Rxf8 29. e5 Qd4+ 30. Kh1 Qxc3 31. Rxc3 Bb7 32. c5 b5 33. Nb4 Rc8 34.
Nxc6 Bxc6 35. Bxc6 Rxc6 36. Kg2 Kg7 37. Kf3 Kf7 38. Ke4 Ke7 39. Kd4 Ra6 40. c6
Kd8 41. Kc5 Kc7 42. Rh3 Rxa2 43. Rxh6 Rc2+ 44. Kxb5 a6+ 45. Kb4 Kxc6 46. Rxg6
Rxh2 47. Rxe6+ 1/2-1/2

[Event "H.C Andersen Open"]
[Site "Odense"]
[Date "2013.05.12"]
[Round "3"]
[White "Epishin, Vladimir"]
[Black "Bjerke, Silje"]
[Result "1-0"]
[WhiteElo "2603"]
[BlackElo "2210"]
[PlyCount "73"]
[EventDate "2013.05.08"]
[EventType "swiss"]
[EventRounds "9"]
[EventCountry "DEN"]
[SourceTitle "CBM 154 Extra"]
[Source "ChessBase"]
[SourceDate "2013.06.25"]

1. d4 Nf6 2. Nf3 g6 3. g3 Bg7 4. Bg2 O-O 5. O-O d5 6. Nbd2 c6 7. c4 Bf5 8. b3
Ne4 9. Bb2 a5 10. Rc1 Nd7 11. Nh4 Nxd2 12. Qxd2 Be6 13. e4 dxe4 14. Bxe4 Nf6
15. Bg2 Qd7 16. Rfe1 Rfe8 17. Nf3 Ng4 18. Ng5 Nh6 19. Nxe6 fxe6 20. d5 Bxb2 21.
Qxb2 exd5 22. cxd5 cxd5 23. Qd2 Nf7 24. Qxd5 Red8 25. Qxd7 Rxd7 26. Bh3 Rd2 27.
Rxe7 Ng5 28. Bg2 Rb8 29. h4 Nf7 30. Rcc7 Nd6 31. Bh3 Nf5 32. Bxf5 gxf5 33. Rg7+
Kf8 34. Rxh7 Kg8 35. Rcg7+ Kf8 36. Rg5 Re8 37. Rxf5+ 1-0